| 000 | 01532cad a22002175a 4500 | ||
|---|---|---|---|
| 001 | L145166 | ||
| 008 | 080911s2008 xxkad f s 000 0 eng d | ||
| 035 | _a(Sirsi) u145166 | ||
| 041 | 0 | _aeng | |
| 050 | 0 | 4 | _a333.22 $2 22 |
| 110 | 2 |
_aColin Buchanan and Partners _92434 |
|
| 245 | 0 | 4 |
_aThe economic impact of high density development and tall buildings in central business districts _h[electronic resource] |
| 260 |
_aLondon _bBPF _c2008 |
||
| 520 | _aSeeks to inform the debate about why the world's fasted growing cities are built at high density, often favouring commercial buildings. Reviews past research into the economic and sustainable impacts of high density development, draws on discussions with developers and occupiers, and uses an economic modelling of the impact of increasing employment density on output. Using the findings, the authors explain and estimate the economic costs and benefits of high density commercial development in central business districts. Concludes that increased density leads to productivity increases in five ways: increased specialisation; knowledge spillovers; competition; wider labour market choice for employers and economies of scale. | ||
| 590 | _aKA NTK | ||
| 651 | 4 | _aInternational | |
| 690 | _aBUILT ENVIRONMENT-BUILDING TYPES-TALL BUILDINGS | ||
| 690 | _aPROPERTY-COMMERCIAL PROPERTY-COMMERCIAL PROPERTY MARKET | ||
| 856 | 4 | 0 |
_uhttps://www.bpf.org.uk/en/files/bpf_documents/Tall_Buildings_Report_Final.pdf _zView this report free of charge at www.bpf.org.uk... |
| 942 | _n0 | ||
| 999 |
_c108705 _d108705 |
||